Quantum Optics (Record no. 3556)

MARC details
000 -LEADER
fixed length control field 00870nam a2200217Ia 4500
003 - CONTROL NUMBER IDENTIFIER
control field IN-BaIIA
008 - FIXED-LENGTH DATA ELEMENTS--GENERAL INFORMATION
fixed length control field 211028s9999 xx 000 0 eng d
040 ## - CATALOGING SOURCE
Transcribing agency IIA Library
080 ## - UNIVERSAL DECIMAL CLASSIFICATION NUMBER
Universal Decimal Classification number 063:53
Item number ENF-42
111 ## - MAIN ENTRY--MEETING NAME
Meeting name or jurisdiction name as entry element Conference of International School of Physics "Enrico Fermi"
Location of meeting Italy
Date of meeting or treaty signing 1967 July 31 - Aug.19
9 (RLIN) 6293
245 #0 - TITLE STATEMENT
Title Quantum Optics
Remainder of title proceedings of the International School of Physics "Enrico Fermi" course held in Varenna Sul Lago di Como, Villa Monastero July 31 - August 19, 1967
Statement of responsibility, etc. edited by Glauber R. J.
260 ## - PUBLICATION, DISTRIBUTION, ETC.
Place of publication, distribution, etc. New York
Name of publisher, distributor, etc. Academic Press
Date of publication, distribution, etc. 1969
300 ## - PHYSICAL DESCRIPTION
Extent xvi, 759p.
490 ## - SERIES STATEMENT
Series statement International School of Physics "Enrico Fermi" Course v. 42
650 ## - SUBJECT ADDED ENTRY--TOPICAL TERM
Topical term or geographic name entry element Astronomy and Astrophysics Thesaurus
650 ## - SUBJECT ADDED ENTRY--TOPICAL TERM
Topical term or geographic name entry element Optics
650 ## - SUBJECT ADDED ENTRY--TOPICAL TERM
Topical term or geographic name entry element Quantum Optics
9 (RLIN) 6294
700 ## - ADDED ENTRY--PERSONAL NAME
Personal name R. J.Glauber., ed.
9 (RLIN) 6295
710 ## - ADDED ENTRY--CORPORATE NAME
Corporate name or jurisdiction name as entry element Italian Physical Society
942 ## - ADDED ENTRY ELEMENTS (KOHA)
Koha item type Books
Holdings
Withdrawn status Lost status Damaged status Not for loan Home library Current library Shelving location Date acquired Cost, normal purchase price Total Checkouts Full call number Barcode Date last seen Cost, replacement price Price effective from Koha item type Purchase Price
        IIA Library-Bangalore IIA Library-Bangalore General Stacks 28/07/1970 223.20   063:53/ ENF-42 3971 05/11/2021 223.20 28/07/1970 Books Rs. 223.20

Powered by Koha